000 00442nam a2200133 4500
999 _c10329
_d10329
008 180822b ||||| |||| 00| 0 eng d
022 _a16565649
082 _aDPer 303.405 H22 June -Sept 2016 v.12 n. 7-10
245 _aConquer the city line.
260 _aQuezon City:
_bHardware Zone Phils. Corp.,
_c©June -Sept 2016.
300 _av12 n7, page 20:
_billustrations;
_c28 cm.
650 0 _930440
_aIndustries
_xElectronics.
942 _2ddc
_cPER